| 000 | 00864nam a2200205 a 4500 | ||
|---|---|---|---|
| 001 | 20596 | ||
| 003 | CO-ViMGA | ||
| 008 | 141112s2004 ck r 000 u spa d | ||
| 020 | _a9681800001 | ||
| 040 |
_aCO-ViMGA _bspa _cCO-ViMGA |
||
| 082 | 0 | 4 | _a611.8 L563a |
| 100 | 1 |
_aLópez Antúnez, Luis; Hernández Zamora, Carlos _929838 |
|
| 245 | 1 | 0 | _aAnatomía funcional del sistema nervioso |
| 260 |
_aMexico : _bLimusa, _c2003 |
||
| 300 | _a785p | ||
| 505 | _aDesarrollo embrionario del sistema nervioso 27 - - La medula espinal 131 - - La organización sensorial 284 - - La organización del movimiento 418 - - La integración emocional del sistema limbico 591 | ||
| 590 | _aForma de adquisición : Compra fact. 0531 - - Precio : 402500 - - Proveedor : temas y libros - - Fecha de adquisición : abril 2006 | ||
| 650 | 1 | 4 |
_aNEUROANATOMÍA _948170 |
| 942 |
_2ddc _cBK |
||
| 999 |
_c29590 _d29590 |
||